MDQL
is popping MORE tags! Check the
thread
!
Quizzes
Events
Quiz Creation
Community
Videos
Private Events
Remove Ads
Sign In
Join for FREE
Feedback
Dark Mode
Quiz Categories
Sports
Geography
Music
Movies
Television
Just For Fun
Miscellaneous
History
Literature
Language
Science
Gaming
Entertainment
Religion
Holiday
For Kids
Quiz Lab
Recent
Popular Today
Quiz Kudos Today
Editor Picks
Curator Picks
Quizzes by...
Day
Popularity
Type
Ratings
Length
Year
Community
Subscriptions
Recent Discussions
Orange Saloon
Badges
Playlists
Quests
Create
Leaderboards
Showdown
Live 5
Trivia Bingo
Activity
Puzzle Library
Sporcle Events
Private Events
Virtual Trivia
Globe League
Become a Host
Pub Owners
SporcleCon
Opinionation
Our Games
Videos
Blog
Mobile Apps
Partnerships
Remove Ads and Go Orange
Feedback
Music
Pop Music
The Beatles
Song
Album
Lyrics
Bands
Singers
Artist
Clip
Rock
Rap
Classical
Billboard
Country Music
Kpop
Taylor Swift
Music
Pop Music
The Beatles
Song
Album
Lyrics
Bands
Singers
Artist
Clip
Rock
Rap
Classical
Billboard
Country Music
Kpop
Taylor Swift
Random Quiz
Search Sporcle
×
Quiz Lab
Quiz Lab
Music
Artist
Type in answers that appear in a list
Type in answers that appear in a list
Classic
Best Score? Go Orange.
Fill in the lyrics Stats
Can you name the fill in the lyrics?
By
Chunk_It
7m
15 Questions
17 Plays
17 Plays
17 Plays
Comments
Comments
Give Quiz Kudos
Give Quiz Kudos
-
- Ratings
hide this ad
More Info
Replay
Link that replays current quiz
Next Quiz
Link to next quiz in quiz playlist
You Got
0%
They Got
Avg Score
25%
Avg Friend Score
Upgrade to see
Score Distribution
Jump to the score distribution portion of the page
Score
0/15
Timer
07:00
0
Plays Today
lyrics and artist
missing lyric(s)
% Correct
i know it might be wrong but im in love with _
_
_
_
mom (Fountains of Wayne)
stacy's
88.2%
Do you really want to love me forever oh oh oh or is this just another _
_
_
_
_
_
_
_
_
_
(Paula Abudul)
hit and run
52.9%
but no matter how many fish in the sea it'd be so empty _
_
_
_
_
_
_
(Eminem)
without me
47.1%
if you show me real _
_
_
_
baby, ill show you mine (Paris Hilton)
love
41.2%
you know i like my girls a little _
_
_
_
_
_
_
(The Outfield)
bit older
29.4%
i never liked the taste of _
_
_
_
but baby i ate it (The Band Perry)
crow
23.5%
still love the way he rock them _
_
_
_
diamonds in his chain (Beyonce)
black
17.6%
You're my _
_
_
_
, rock and roll, feel the glamour and pain (Aqua)
doll
17.6%
lyrics and artist
missing lyric(s)
% Correct
Baby we ain't got no place to go i hope you _
_
_
_
(Josh Turner)
understand
17.6%
doesn't mean im over cause _
_
_
_
_
_
_
_
(Kelly Clarkson)
your gone
11.8%
the _
_
_
_
_
_
_
_
, they live inside my head (Cheap Trick)
dream police
11.8%
he is a _
_
_
_
, he's no good at all (Britney Spears)
hustler
5.9%
young, rich, and _
_
_
_
i be where the cash be (Kreayshawn)
flashy
5.9%
_
_
_
_
and girls with ambition, thats what i want to see (Pink)
outcasts
5.9%
Ms. _
_
_
_
you must be worth a trillion bucks (The Penfifteen Club)
hilton
5.9%
Quiz Playlist
Details
Report
Send in Message
Add To Playlist
More Info:
fill in the missing lyrics to the song and unlock an iteresting fact.
Classic:
Type in answers that appear in a list
Last Updated: Feb 16, 2017
Quiz Scoreboard
CHALLENGE
Sign Up to Join the Scoreboard
Show All
Scores
Hide
Comments
May contain spoilers
Recently Published
1-10 Letter E Words III
by El_Dandy
Language
2m
Street Fighter Characters
by Artimus82
Gaming
60s
College Basketball Coaching Resumes
by pancakes188
Sports
9m
More to Explore
Quiz From the Vault
Featured Blog Post
Where Did the Easter Bunny Come From?
hide this ad
You Might Also Like...
Tags
Artist Quiz
Today's Top Quizzes in Music
Browse Music
hide this ad
Today's Top Quizzes in Artist
Browse Artist
Top Contributed Quizzes in Music
1
Taylor Swift All Songs (2024)
2
Taylor Swift Logic Puzzle
3
Guess the Artist- 70s Songs
4
7-to-1: Billboard Hot 100 #1 Hits of 2010s
5
Sorting Albums and Songs
6
KPOP LOGIC QUIZ
7
Billboard Blitz: Aretha Franklin
8
Guess the Taylor Swift song (Mystery Song)
9
Guess The Taylor Swift Lyrics Song #1
10
Billboard Blitz: ABBA
Explore More
Trending Topics
Marvel
Harry Potter
NBA
Crossword
Disney
Anime
Kpop
WWE
NFL
Song
Pokémon
Soccer
Puzzle
The Office
Country
hide this ad
More By:
Chunk_It
Quiz
Plays
Rating
Category
Featured
Created
Nightmare Before Christmas Song
892
1.60
Music
Jul 31, 2012
Name The Colors of The Crayons In The 24 Pack
91
5.00
Just For Fun
Apr 10, 2012
top 20 songs of 2012
72
Music
Jul 31, 2012
Americas favorite candies (includes gum)
43
5.00
Just For Fun
Apr 12, 2012
missing song lyrics
35
5.00
Music
Nov 26, 2011
Go to Creator's Profile
Score Distribution
Quiz Creator Spotlight
Chunk_It
Follow
Send a Message
Quizzes Created
-
Created Quiz Play Count
-
More By This Creator
Popular Quizzes Today
1
Find the US States - No Outlines Minefield
2
Find the Countries of Europe - No Outlines Minefield
3
The Countries of the World
4
Find the US States
5
Risky Map Clicking: Biggest States A-Z
6
US States
7
Popular People in 1961
8
Movies - When Are They Set?
More Music Quizzes
#1 Song to Artist Match-Up (1978)
Curator's Pick
Trending Quizzes
Risky Map Clicking: Least Populous States A-Z
1-10 Letter G Words
1-10 Letter F Words
Countries of the World: 200 Million BC
Risky Map Clicking: Next State Alphabetically
Recently Updated
Rides in Walt Disney World
pecheneg
Most Oscar Losses (Acting)
pecheneg
Beyoncé Albums
pecheneg
Leaping Animals
pecheneg
Reality TV Shows (A-Z)
bhenderson79
Rickey Henderson's Hall of Fame Teammates
pecheneg
Champions League XIs: Arsenal
pecheneg
Quick Pick: Celebrities in WWE's Hall of Fame
aduchscher
A-Z Keypad Blitz II
pecheneg
Multiple Oscar Actors
pecheneg
Trending Topics
Marvel
Harry Potter
Anime
Disney
Kpop
NBA
Crossword
WWE
Song
Soccer
The Office
Puzzle
Pokémon
NFL
Country
Your Account Isn't Verified!
In order to create a playlist on Sporcle, you need to verify the email address you used during registration. Go to your
Sporcle Settings
to finish the process.
Report this User
Report this user for behavior that violates our
Community Guidelines
.
Details:
Send Report
Go to the Sporcle.com Mobile Site →
Comments